| 000 | 00415nam a2200157Ia 4500 | ||
|---|---|---|---|
| 005 | 20240912121259.0 | ||
| 008 | 240806s9999||||xx |||||||||||||| ||eng|| | ||
| 041 | _aeng | ||
| 082 |
_a891.431009 _bHANK |
||
| 100 | _aJiyalal Hundoo | ||
| 245 | 0 |
_aKashmiri aur hindi sufee kavya ka tulnaatmak addhayan / _cJiyalal Hundoo |
|
| 260 | _bBharateey Granth Niketan Delhi | ||
| 300 | _a0 | ||
| 650 | _aHindi | ||
| 942 | _cBK | ||
| 999 |
_c20673 _d20673 |
||